000 00408nam a22001457a 4500
005 20150324131531.0
008 150310b xxu||||| |||| 00| 0 eng d
020 _a9780281057900
050 _aBT306.4
_bR476
100 _aRhodes, David
_916069
245 _aSparrow story:
_bthe gospel for today
_c/ Rhodes, David
260 _aLondon
_bSPCK
_c2006
300 _aix, 197p.;
_c20cm.
942 _2lcc
_cMONOGRAPH
999 _c122362
_d122362